Fifa Soccer 14 Top 10 Leagues - Statistics

General Stats
  • This quiz has been taken 1,002 times
  • The average score is 5 of 10
Answer Stats
# of Gold Players League % Correct
246 Liga BBVA
97%
370 Barclays PL
95%
205 Bundesliga
89%
272 Serie A
85%
161 Ligue 1
82%
32 Eredivisie
21%
25 Primera Division
14%
92 Russian League
13%
57 Liga Portuguesa
8%
86 Liga do Brazil
5%
No matching quizzes found
Score Distribution
Percent of People with Each Score
Percentile by Number Answered
Your Score History
You have not taken this quiz